Teplovaja zaščita stenki vduvom gaza /

Saved in:
Bibliographic Details
Main Author: Repuchov, Vladimir Michajlovič (Author)
Format: Book
Language:Russian
Published: Kijev : Naukova dumka, 1977
Subjects:
Online Access: Get full text
Tags: Add Tag
No Tags, Be the first to tag this record!

MARC

LEADER 00000nam a22000007a 4500
003 SK-BrCVT
005 20250901103942.0
008 250819s1977 xxrdl||e |||| 00| 0 rus d
020 |q (brož.) 
040 |a CVT  |b slo  |c CVT  |d CVT  |e AACR2 
041 0 |a rus 
044 |a xxr  |c RU 
072 7 |a 536  |2 CVT 
080 1 |a 536.24:532.526  |2 2011 
100 1 |a Repuchov, Vladimir Michajlovič   |4 aut 
245 1 0 |a Teplovaja zaščita stenki vduvom gaza /  |c V. M. Repuchov 
260 |a Kijev :   |b Naukova dumka,  |c 1977 
300 |a 214 s. :   |b grafy, ilustr., lit., tab., vzory ;   |c 21 cm 
366 |e 1000 ks  
504 |a Literatúra na s. 196-214 
653 |a prestup tepla 
653 |a výmena tepla 
653 |a povrchové trenie 
910 |b A364869 
959 |a 09 
974 |a Rita Zubonyaiová  |b Katarína Repatá 
992 |a AMG  |a AUV 
999 |c 303750  |d 303750